书目信息 |
| 题名: |
常用新词例解
|
|
| 作者: | 王自强 编著 | |
| 分册: | ||
| 出版信息: | 杭州 浙江人民出版社 1981 |
|
| 页数: | 83页 | |
| 开本: | 19cm | |
| 丛书名: | 语文知识丛书 | |
| 单 册: | ||
| 中图分类: | H136.1 | |
| 科图分类: | ||
| 主题词: | 汉语-词汇--释例 , 词汇-汉语--释例 | |
| 电子资源: | ||
| ISBN: | ||
| 000 | 00693nam2 2200265 45 | |
| 001 | 0181008963 | |
| 005 | 20060801170601.68 | |
| 010 | @dCNY0.22 | |
| 091 | @aCN@b7103.1192 | |
| 100 | @a19950704d1981 em y0chiy0121 ea | |
| 101 | 0 | @achi |
| 102 | @aCN@b330000 | |
| 105 | @ay z 000yy | |
| 200 | 10 | @a常用新词例解@Achang yong xin ci li jie@f王自强编著 |
| 210 | @a杭州@c浙江人民出版社@d1981 | |
| 215 | @a83页@d19cm | |
| 225 | 2 | @a语文知识丛书 |
| 410 | 0 | @120010@a语文知识丛书 |
| 606 | @a汉语-词汇@x释例 | |
| 606 | @a词汇-汉语@x释例 | |
| 690 | @aH136.1@v3 | |
| 701 | 0 | @a王自强@Awang zi qiang@4编著 |
| 801 | 2 | @aCN@bNLC@c20060801 |
| 801 | 0 | @aCN@bTSSF |
| 905 | @a10447@dH136.1@e362 | |
| 常用新词例解/王自强编著.-杭州:浙江人民出版社,1981 |
| 83页;19cm.-(语文知识丛书) |
| ISBN :CNY0.22 |
| ● |
| 相关链接 |
|
|
|
|
正题名:常用新词例解
索取号:H136.1/362
 
预约/预借
| 序号 | 登录号 | 条形码 | 馆藏地/架位号 | 状态 | 备注 |
| 1 | 0443760 | 204437608 | 密集书库/ [索取号:H136.1/362] | 在馆 | |
| 2 | 0444122 | 204441229 | 密集书库/ [索取号:H136.1/362] | 在馆 |